Del caos a la esperanza : (Registro nro. 8503)

Detalles MARC
000 -CABECERA
Campo de control 01220nam a22002777a 4500
005 - FECHA Y HORA DE LA ULTIMA TRANSACCION
Campo de control 20150715150658.0
008 - ELEMENTOS DE LONGITUD FIJA—INFORMACION GENERAL
Campo de control 140702b -uk||||| |||| 00| 0 spa d
040 ## - FUENTE DE CATALOGACIÓN
Agencia catalogadora original CO-BoIAVH
Agencia transcriptora CO-BoIAVH
041 ## - IDIOMA
Código de idioma para texto/pista de sonido o título separado Español
044 ## - PAÍS DE PUBLICACIÓN
País de publicación
082 04 - NUMERO DE CLASIFICACION DECIMAL DEWEY
Número de clasificación 593.6
Número del ítem B36e
100 1# - ASIENTO PRINCIPAL--NOMBRE PERSONAL
Nombre personal Beardon, Hannah
245 14 - MENCION DE TITULO
Título Del caos a la esperanza :
Parte restante del título cultura, política y protección de los manglares en el Pacífico colombiano
Mención de responsabilidad Hannah Beardon
260 ## - PUBLICACION, DISTRIBUCION, ETC. (PIE DE IMPRENTA)
Lugar de publicación, distribución, etc. Reino Unido:
Nombre del editor, distribuidor, etc. WWF,
Fecha de publicación, distribución, etc. 2008.
300 ## - DESCRIPCION FISICA
Extensión 31 p.
Otros detalles físicos fot. (col)
Dimensiones 28 cm.
500 ## - NOTA GENERAL
Nota general Incluye glosario.
505 ## - NOTA DE CONTENIDO
Nota de contenido La vida en el manglar: una paradoja entre pobreza y bienestar (pag. 10)
505 ## - NOTA DE CONTENIDO
Nota de contenido El ecosistema de manglar: importancia solo en el papel (pag. 14)
505 ## - NOTA DE CONTENIDO
Nota de contenido El conversatorio: un espacio de encuentro y un proceso de participación ciudadana (pag. 16)
505 ## - NOTA DE CONTENIDO
Nota de contenido Traducir capacidad en cambio: una cuestión de oportunidades (pag. 22)
505 ## - NOTA DE CONTENIDO
Nota de contenido Empoderamiento, cambio y conflicto: cómo van las cosas (pag. 28)
650 #6 - ASIENTO SECUNDARIO DE MATERIA - TERMINO TEMATICO
Término temático o nombre geográfico como elemento de entrada Manglares
Subdivisión general Aspectos ambientales
Subdivisión geográfica Pacífico (Región, Colombia)
650 #6 - ASIENTO SECUNDARIO DE MATERIA - TERMINO TEMATICO
Término temático o nombre geográfico como elemento de entrada Manglares
Subdivisión general Protección
Subdivisión geográfica Colombia
650 #6 - ASIENTO SECUNDARIO DE MATERIA - TERMINO TEMATICO
Término temático o nombre geográfico como elemento de entrada Manglares
Subdivisión geográfica Pacífico (Región, Colombia)
942 ## - ELEMENTOS ADICIONALES (KOHA)
Sistema de clasificación Dewey Decimal Classification
Tipo de ítem Folleto
Existencias
Withdrawn status Lost status Sistema de Clasificación Damaged status No para préstamo Colección Inventariado Ubicación Permanente Ubicación actual Fecha de adquisición Total Checkouts Número topográfico Inventario / Código de Barras Date last seen Ejemplar Price effective from Forma de adquisición Tipo de material
    Dewey Decimal Classification     General Inventariado 2017 Bogotá Bogotá 02/07/2014   LB-593.6 B36e 029583 02/07/2014 Ej. 1 02/07/2014   Folleto
    Dewey Decimal Classification     General Inventariado 2017 Sala Fabio Quevedo Sala Fabio Quevedo 15/07/2015   LB-593.6 B36e 042045 15/07/2015 Ej. 2 15/07/2015   Folleto